Online Catalogue and eLibrary

Rupavahiniya saha sannivedhanaya (Record no. 1163)

MARC details
000 -LEADER
fixed length control field 00408nam a2200157Ia 4500
005 - DATE AND TIME OF LATEST TRANSACTION
control field 20250528022433.0
008 - FIXED-LENGTH DATA ELEMENTS--GENERAL INFORMATION
fixed length control field 240331s9999 xx 000 0 und d
020 ## - INTERNATIONAL STANDARD BOOK NUMBER
ISBN 9559547100
082 ## - DDC Classification
Class No. 302.234
Item Number - Author Mark ATH
100 ## - MAIN ENTRY--PERSONAL NAME
Personal name Athugala, A
245 #0 - TITLE STATEMENT
Title Rupavahiniya saha sannivedhanaya
260 ## - PUBLICATION, DISTRIBUTION, ETC.
Place of publication, distribution, etc. Sri Lanka
Name of publisher, distributor, etc. sameeparupa
Date of publication, distribution, etc. 1993
300 ## - PHYSICAL DESCRIPTION
Extent (e.g. Volumes, Pages etc.) 72 p .,
500 ## - GENERAL NOTE
General note A book on Television & Communication
942 ## - Koha item type (Biblio)
Koha item type Books in Stacks (Lending)
Holdings
Lost status Damaged status Collection code Home library Current library Shelving location Date acquired Full call number Accession Number Item type
    Lending WERC Library WERC Library Social Science Cupboard 03/31/2024 302.234 ATH 3051 Books in Stacks (Lending)

© WERC Library